000 004310000a22001810004500
003 MACL
005 20150822144105.0
008 150822b xxu||||| |||| 00| 0 eng d
040 _aMACL
_cMACL
041 _aEnglish
082 _a633
100 _aGhose, Subhrasree
_96848
245 _aSpotlight on Jute
260 _bIndian Book Exchange
_c1977
_aCalcutta
350 _a25
650 _aAgriclture
_96448
942 _cBK
_k633
_2ddc
999 _c6980
_d6980